Wszystkie Gminy Powiatu Radomskiego - Statystyki

Ogólne statystyki
  • Ten quiz został rozwiązany 32 razy
  • Średni wynik to 9 z 13
Statystyki odpowiedzi
Hint Odpowiedź % Poprawnych
4. Jedlińsk
81%
10. Skaryszew
81%
7. Pionki
78%
8. Pionki
78%
12. Wolanów
70%
5. Jedlnia-Letnisko
67%
2. Iłża
63%
6. Kowala
63%
9. Przytyk
63%
13. Zakrzew
63%
11. Wierzbica
56%
1. Gózd
44%
3. Jastrzębia
44%
Nie znaleziono quizów pasujących do podanych kryteriów
Rozkład punktacji
Procent ludzi z każdym wynikiem
Percentyl według liczby udzielonych odpowiedzi
Twoja historia wyników
Nie rozwiązałeś tego quizu